000 00741nam a2200229 a 4500
005 20240924071614.0
008 180810s2015 es r 000 0 spa d
020 _a9788427721043
035 _aUPN01000226134
049 _aCG
050 4 _aLC4015
_bC3.2
100 1 _aCañizares, Gema
_942035
245 1 0 _aAlumnos con déficit auditivo :
_bun nuevo método de enseñanza-aprendizaje /
_cGema Cañizares.
260 _aMadrid :
_bNarcea,
_c2015.
300 _a140 p. :
_bfig., tablas
440 0 _aEducación hoy.
_pAtención a la diversidad
650 4 _aNiños con discapacidad
_xEducación
_91549
650 2 _aMétodos de enseñanza
_95706
650 4 _aMaestros
_xFormación profesional
_9804
905 _aLibro
999 _c198230
_d198230